000 00806nam a22002417a 4500
005 20180123122149.0
010 _a1718EN-30 ENG-121458
020 _a9789325986701
_c425.00
035 _aEN-104990
035 _aB-686383-385
037 _bAsian
_adpl
037 _bDBAD/PUB
082 _a338.5
100 _aDwivedi, D N
245 _aMicroeconomics :
_cby D.N.Dwivedi
_btheory and applications /
250 _a3rd ed
260 _aNoida
_bVikas Publishing House
_c2016
270 _aE-28,Sector-8
_bNoida(UP)
_e201301
300 _axvi,651p.
_c24cm(pbk)
500 _aincludes index
942 _2ddc
_cEN
_mDWI
_h338.5
999 _c145850
_d145850